| 000 | 01343nam a2200205Ia 4500 | ||
|---|---|---|---|
| 999 |
_c39033 _d39033 |
||
| 003 | OSt | ||
| 005 | 20220408110017.0 | ||
| 008 | 160316s1978 xxu||||| |||| 00| 0 eng d | ||
| 040 | _cn | ||
| 082 |
_a346.016600 _bQUR |
||
| 100 | _aQureshi Mohammed A | ||
| 245 | _aMarriage and matrimonial remedies : A uniform civil code for India | ||
| 260 |
_aDelhi _bConcept Publishing Co. _c1978 |
||
| 300 | _a484p | ||
| 365 | _b Gratis | ||
| 505 | _aContents CHAPTER 1 The Role of Personal Laws in Matrimonial Matters 37; NUMBER OF SPOUSES ALLOWED UNDER 48; AGE AT MARRIAGE 56; MENTAL CAPACITY 60; CLASSIFICATION OF MARRIAGE UNDER THE DIFFERENT 69; Personal Laws Relating to Termination of Marriage 78; Custom agreements contrary to Restitution 93; DIVORCE 105; Personal Laws and Conditions of Matrimonial Discord 131; CRUELTY 153; ADULTERY 186; IMPOTENCY 200; LEPROSY 216; WIFES PREGNANCY 223; RENUNCIATION OF WORLD 233; Personal Laws of Maintenance and Other Reliefs 259; Constitutional Dimensions of Matrimonial 290; Recent Trends 317; Conclusion 342; APPENDICES 412; Extract from the Parsi Marriage Act 425; Extract from the Indian Christian Marriage 433; Extract from the Order for Maintenance 452; Index 473; Copyright | ||
| 650 | _a1. Marriage Law - India2. Matrimonial Actions | ||
| 700 |
_a _a |
||
| 942 |
_2ddc _cBK |
||